Statistics for Hawaiian Words about Hawaii

Click here to take the quiz!

General Stats

  • This quiz has been taken 191 times
  • The average score is 10 of 28

Answer Stats

HawaiianEnglish% Correct
honuturtle
80%
i‘afish
77%
kaisea
66%
mōanaocean
60%
manōshark
55%
pua‘apig
51%
puaflower
48%
pelevolcano
41%
ahifire
40%
lua‘ipelelava
39%
mokuboat or island
39%
manubird
37%
palicliff
35%
niucoconut
34%
naluwave
31%
sun
31%
ānu‘enu‘erainbow
31%
mahimahidolphin
29%
onesand
24%
kaha onebeach
23%
melemusic
21%
wailelewaterfall
19%
papa he‘enalusurfboard
17%
pāmapalm tree
17%
ānacave
12%
pūko‘acoral reef
8%
ki‘owaipool
6%
ku‘onobay
3%

Score Distribution

Percentile by Number Answered

Percent of People with Each Score

Your Score History

You have not taken this quiz